000 00298nam a22001217a 4500
008 230629b xxu||||| |||| 00| 0 eng d
082 _a348.
_bCLB 1994
245 _aCommonwealth Law Bulletin
260 _bCommonwealth Secretariat
_c1994
300 _aXXI,393p
440 _n1
_v20
942 _2ddc
_cBK
999 _c3128
_d3128